The soil and health : (Record no. 90124)

MARC details
000 -LEADER
fixed length control field 00557nam a22001817a 4500
005 - DATE AND TIME OF LATEST TRANSACTION
control field 20141125114532.0
010 ## - LCCN (DPL NO)
LC control number ENG-111275
020 ## - INTERNATIONAL STANDARD BOOK NUMBER
International Standard Book Number 9789382400080
Terms of availability 450.00
035 ## - SYSTEM CONTROL NUMBER
System control number EN-94807
037 ## - SOURCE OF ACQUISITION
Source of stock number/acquisition DBAD/PUB
082 ## - DEWEY DECIMAL CLASSIFICATION NUMBER
Classification number 631.584
100 ## - MAIN ENTRY--PERSONAL NAME
Personal name Howard, Alebert
245 ## - TITLE STATEMENT
Title The soil and health :
Statement of responsibility, etc by Albert Howard
Remainder of title a study of organic agriculture /
260 ## - PUBLICATION, DISTRIBUTION, ETC. (IMPRINT)
Place of publication, distribution, etc Indore
Name of publisher, distributor, etc Banyan Tree
Date of publication, distribution, etc 2013
270 ## - ADDRESS
Address 1-B Dhenu Market, 2nd Floor
City Indore
Postal code 452003
300 ## - PHYSICAL DESCRIPTION
Extent xxviii, 341p. :
Dimensions 23cm(pbk)
Other physical details ill.
942 ## - ADDED ENTRY ELEMENTS (KOHA)
Source of classification or shelving scheme Dewey Decimal Classification
Item type English Books
Call number suffix HOW
Classification part 631.584
Holdings
Withdrawn status Lost status Not for loan Collection code Home library Current library Date acquired Source of acquisition Cost, normal purchase price Full call number Barcode Copy number Cost, replacement price Koha item type
    Not For Loan Non-fiction D.B.Act.Division D.B.Act.Division 18/11/2014 DBAD/PUB 450.00 631.584 HOW EN-94807 1 450.00 English Books

© Delhi Public Library
Hit Counter
free hit counter